000 00726cam a2200241 a 4500
001 14642829
005 20130325123350.0
008 061121s2007 nyua b 001 0 eng d
010 _a 2006939041
020 _a9781563674907 (hbk.)
020 _a1563674904 (hbk.)
082 _222
_a343.0887
_bSTE
100 1 _aSternquist, Brenda.
_932959
245 1 0 _aInternational Retailing /
_cBrenda Sternquist.
250 _a2nd ed.
260 _aNew York :
_bFairchild Publications,
_cc2007.
300 _axix, 619 p. :
_bill. ;
_c24 cm.
504 _aIncludes bibliographical references and index.
650 0 _aRetail trade.
_932960
650 0 _aInternational trade.
_932961
653 _bBus
_cMarch2013
942 _2ddc
_cBB
999 _c17396
_d17368